Runner Up by Ben Ellis - Lyrics Quiz - Statistics

General Stats
  • This quiz has been taken 8 times
  • The average score is 260 of 280
Answer Stats
Answer % Correct
a
100%
almost
100%
and
100%
ask
100%
asked
100%
be
100%
believe
100%
bring
100%
but
100%
can't
100%
car
100%
close
100%
cut
100%
don't
100%
drive
100%
enough
100%
even
100%
every
100%
far
100%
from
100%
happy
100%
heart
100%
hero
100%
him
100%
I
100%
if
100%
I'll
100%
I'm
100%
in
100%
it
100%
it's
100%
just
100%
keep
100%
knife
100%
like
100%
me
100%
my
100%
needs
100%
not
100%
of
100%
off
100%
part
100%
playing
100%
pretty
100%
psychic
100%
psychics
100%
runner
100%
scared
100%
seemed
100%
should
100%
sidekick
100%
so
100%
someone
100%
someone's
100%
sticking
100%
the
100%
then
100%
till
100%
time
100%
to
100%
told
100%
try
100%
up
100%
we
100%
when
100%
you
100%
always
75%
answer
75%
arms
75%
become
75%
been
75%
break
75%
cause
75%
come
75%
cycle
75%
driving
75%
fires
75%
found
75%
got
75%
head
75%
hold
75%
hurts
75%
I've
75%
lights
75%
mind
75%
never
75%
now
75%
on
75%
over
75%
really
75%
say
75%
second
75%
sit
75%
start
75%
still
75%
stuck
75%
thought
75%
timing
75%
us
75%
watch
75%
with
75%
yeah
75%
your
75%
at
50%
midnight
50%
out
50%
put
50%
they
50%
vicious
50%
No matching quizzes found
Score Distribution
Percent of People with Each Score
Percentile by Number Answered
Your Score History
You have not taken this quiz